000 00634nam a22001937a 4500
005 20231125141356.0
008 140725b xxu||||| |||| 00| 0 eng d
020 _c250.00
040 _aLoreto College
082 _a759.95414
_bBEL
100 _aBelnos,S.C.
245 _aTwenty four Plates Illustrative of Hindoo and European Manners in Bengal
_cDrawn on stone by A.Colin from Sketches by Mme Belnos
260 _aKolkata
_bInformation & Public Relations Dept., Kolkata Municipal Corporation
_c2013
300 _b28cm
650 _aPaintings-Customs and manners-Bengal
700 _aColin,A.
850 _aLCLIB
942 _cBK
999 _c39398
_d89877